000 00334nam a2200145Ia 4500
008 230718s9999 xx 000 0 und d
041 _aEng.
082 _a378.7
_bVOG-I
100 _aVoglies, David. I
245 0 _aIn search of Justice
260 _aPakistan
_bAmmar fablia
_c1985
300 _a176
650 _aLaw
999 _c26333
_d26333